000 00459nam a2200181Ia 4500
003 GCL
008 140319s9999 xx 000 0 eng d
040 _aGCL /
_cGCL
082 0 4 _aCC
_b739.2
_bR G
100 1 _aREUSCH E.
245 1 0 _aGOTTER PHARAONEN /
_cREUSCH E.
260 _a[S.N] :
_bHAUS DEX KUNST ،
_c1979
300 _a175 P
650 0 4 _aARTS, ANCIENT EGYPT
650 0 4 _aJEWELLERY
650 0 4 _aANCIENT EGYPT - METAL WORKS
942 _2ddc
_cBK
999 _c20369
_d20369